000 00326nam a2200145Ia 4500
005 20251222152556.0
008 251222s9999||||xx |||||||||||||| ||spa||
020 _a8424301196
082 _a808.8/M32
100 _aMay Alcott, Luisa
245 0 _aAquellas Mujercitas
250 _a1ra. ed.
264 _bFher
942 _cLIB
999 _c26426
_d26426